00858nam a2200241 a 4500999001500000001000600015003000900021005001700030008004100047020001500088040003800103082002100141100002200162245012800184250001200312260003700324300004100361504003700402650002400439650002200463942001200485952011900497 c6324d632412990BD-DhUAP20201229142859.0201229s2015 bg b 001 0 eng d a984321148X aBD-DhUAPcBD-DhUAPdBD-DhUAPbEng00a347.5492 HAL2231 aHalim, Md. Abdul.10aThe Legal System of Bangladesh :ba study of problems and procedure in legal institutions in Bangladesh /cMd. Abdul Halim. a9th ed. aDhaka :bCCB Foundation,cc2015. a496 pages :billustrations ;c22 cm. aIncludes bibliography and index. 0aConstitutional Law. 0aLaw zBangladesh. 2ddccBK 00102ddc4070aUAPCLbUAPCLcGeneral Stacksd2020-12-29o347.5492 HALp3010012990r2020-12-29t1w2020-12-29yBK